The host (la huésped) /

Guardado en:
Autor Principal: Meyer, Stephenie
Formato: Libro
Publicado: Buenos Aires : Aguilar, 2009
Materias:
Etiquetas: Agregar Etiqueta
Sin Etiquetas, Sea el primero en etiquetar este registro!
LEADER 00623nam a22002175a 4500
001 CEM.cems013200
005 20091103093325.0
008 130507s2009##################000#0#####d
003 CEMS
020 |a 9789870412311 
082 0 4 |a 813.5 
100 1 |a Meyer, Stephenie 
245 1 0 |a The host (la huésped) /  |c Stephenie Meyer 
260 |a Buenos Aires :  |b Aguilar,  |c 2009 
300 |a 768 p. 
653 |a Literatura 
653 |a Literatura norteamericana 
653 |a Novelas 
653 |a Novela norteamericana 
653 |a Literatura juvenil norteamericana 
859 |a CEMS  |b BIB. CEMS - 11 de abril  |h 813.5  |i M575-6  |p 25703.09  |t Ej.1